[Event "Rhein Main op 11th"]
[Site "Bad Homburg"]
[Date "2008.05.22"]
[Round "3"]
[White "Czikuss, Hans Joachim"]
[Black "Koller, Jens"]
[Result "1/2-1/2"]
[WhiteElo "1951"]
[BlackElo "2234"]
[PlyCount "91"]
[EventDate "2008.05.21"]
[EventType "swiss"]
[EventRounds "7"]
[EventCountry "GER"]
[SourceTitle "CBM 124 Extra"]
[Source "ChessBase"]
[SourceDate "2008.07.03"]
[SourceVersion "1"]
[SourceVersionDate "2008.07.03"]
[SourceQuality "1"]

1. Nf3 Nf6 2. c4 g6 3. g3 Bg7 4. Bg2 0-0 5. 0-0 d6 6. d4 Nc6 7. Nc3 a6 8. e4 e5 9. dxe5 Nxe5 10. Nxe5 dxe5 11. Qxd8 Rxd8 12. Bg5 c6 13. Rfd1 Be6 14. b3 Re8 15. f3 Nd7 16. Be3 Bf8 17. Bf1 Bb4 18. Rac1 f6 19. Nb1 a5 20. a3 Be7 21. c5 Nf8 22. Nd2 a4 23. b4 Rad8 24. Nc4 Kg7 25. h4 Bc8 26. Nb6 Be6 27. Nc4 Bc8 28. Be2 Ne6 29. Nb6 Nd4 30. Bxd4 Rxd4 31. Rxd4 exd4 32. Rd1 Be6 33. Rxd4 f5 34. e5 Bd8 35. Nxa4 f4 36. Rxf4 Bc7 37. Re4 Bd5 38. Re3 Rxe5 39. Rxe5 Bxe5 40. Kg2 Bb3 41. Nb6 Bb2 42. Bc4 Bc2 43. Nc8 Bxa3 44. Nd6 Bxb4 45. Nxb7 Kf6 46. Nd8 1/2-1/2

[Event "Rhein Main op 11th"]
[Site "Bad Homburg"]
[Date "2008.05.22"]
[Round "2"]
[White "Ochmann, Reimund"]
[Black "Czikuss, Hans Joachim"]
[Result "0-1"]
[WhiteElo "2123"]
[BlackElo "1951"]
[PlyCount "68"]
[EventDate "2008.05.21"]
[EventType "swiss"]
[EventRounds "7"]
[EventCountry "GER"]
[SourceTitle "CBM 124 Extra"]
[Source "ChessBase"]
[SourceDate "2008.07.03"]
[SourceVersion "1"]
[SourceVersionDate "2008.07.03"]
[SourceQuality "1"]

1. e4 c5 2. c3 Nf6 3. e5 Nd5 4. Nf3 Nc6 5. d4 cxd4 6. cxd4 d6 7. exd6 e6 8. Nc3 Nxc3 9. bxc3 Bxd6 10. Bd3 Bd7 11. 0-0 Qa5 12. Bd2 Qh5 13. Rb1 b6 14. Rb5 f5 15. Re1 0-0 16. Be2 Qf7 17. Bc4 h6 18. d5 Nd8 19. dxe6 Bxe6 20. Bxe6 Nxe6 21. Bxh6 Rad8 22. Qe2 Rfe8 23. Be3 f4 24. Qc2 fxe3 25. fxe3 Nc5 26. Rbb1 Ne4 27. Rf1 Bc5 28. Rbe1 Qc4 29. h4 Qxc3 30. Qa4 Bxe3+ 31. Kh2 Qc7+ 32. g3 Qxg3+ 33. Kh1 Qh3+ 34. Nh2 Ng3# 0-1

[Event "Frankfurt-ch"]
[Site "Frankfurt"]
[Date "2008.05.05"]
[Round "2"]
[White "Czikuss, Hans Joachim"]
[Black "Schramm, Christian"]
[Result "0-1"]
[WhiteElo "1951"]
[BlackElo "2331"]
[PlyCount "98"]
[EventDate "2008.04.28"]
[EventType "swiss"]
[EventRounds "7"]
[EventCountry "GER"]
[SourceTitle "EXT 2009"]
[Source "ChessBase"]
[SourceDate "2008.11.26"]
[SourceVersion "1"]
[SourceVersionDate "2008.11.26"]
[SourceQuality "1"]

1. Nf3 c5 2. c4 e6 3. g3 b6 4. Bg2 Bb7 5. 0-0 Qc7 6. b3 Nf6 7. Bb2 a6 8. e3 Be7 9. Qe2 0-0 10. Nc3 d6 11. d4 Nbd7 12. Rfd1 cxd4 13. exd4 d5 14. Rac1 dxc4 15. bxc4 Rfe8 16. h3 Rac8 17. Nd2 Bxg2 18. Kxg2 Bb4 19. Nce4 Bxd2 20. Rxd2 b5 21. cxb5 Qb7 22. f3 Qxb5 23. Qxb5 axb5 24. Nd6 Rxc1 25. Bxc1 Rb8 26. Rb2 b4 27. Bd2 Nd5 28. g4 N7b6 29. Kf2 h6 30. Rb3 Ra8 31. Rb2 g5 32. Kg3 Na4 33. Rxb4 Nxb4 34. Bxb4 Nb6 35. a3 Nd5 36. h4 Nxb4 37. axb4 Rd8 38. Ne4 gxh4+ 39. Kxh4 Rxd4 40. b5 Kg7 41. Kg3 Rd5 42. b6 Rb5 43. g5 hxg5 44. b7 f6 45. Nc5 Kf7 46. Kg4 Rb4+ 47. Kg3 Ke7 48. Kf2 f5 49. Ke3 Kd6 0-1